HOLISTIC HEALTH (Record no. 1218)
[ view plain ]
| 000 -LEADER | |
|---|---|
| fixed length control field | 00359nam a22001457a 4500 |
| 082 ## - DEWEY DECIMAL CLASSIFICATION NUMBER | |
| Classification number | 894-812 |
| Item number | CHA/H |
| 100 ## - MAIN ENTRY--AUTHOR NAME | |
| Personal name | CHANDRAHASAN, T.A |
| 245 ## - TITLE STATEMENT | |
| Title | HOLISTIC HEALTH |
| Remainder of title | HEALTH BOOK |
| 246 ## - VARYING FORM OF TITLE | |
| Title proper/short title | HOLISTIC HEALTH |
| Remainder of title | HALTH BOOK |
| 260 ## - PUBLICATION, DISTRIBUTION, ETC. (IMPRINT) | |
| Place of publication | KODUNGALLUR |
| Name of publisher | HOLISTIC HEALTH FOUNDATION |
| Year of publication | 2009 |
| 300 ## - PHYSICAL DESCRIPTION | |
| Number of Pages | 92 |
| 520 ## - SUMMARY, ETC. | |
| Summary, etc | HEALTH |
| 650 ## - SUBJECT ADDED ENTRY--TOPICAL TERM | |
| Topical Term | HEALTH BOOKS |
| 942 ## - ADDED ENTRY ELEMENTS (KOHA) | |
| Koha item type | Books |
No items available.